000 005270000a22001930004500
001 003396
003 MACL
005 20150731125656.0
008 150731b xxu||||| |||| 00| 0 eng d
040 _aMACL
_cMACL
041 _aEnglish
082 _a361/JAG
100 _aJagannadham, V.
_93727
245 _aIntegrated Delivery System For Social Services
_cV. Jagannadham
260 _a New Delhi
_c1977
_bIndian Institute Of Public Administration,
350 _a30
650 _aSocial Science
_93728
942 _k361
_cBK
_2ddc
999 _c15297
_d15297